Can You Name The Countries Apart From Russia That..... - Statistics

General Stats
  • This quiz has been taken 123 times
  • The average score is 23 of 32
Answer Stats
Hint Answer % Correct
Border At Least 8 Countries China
98%
Are At Least 2% Of Worlds Land Area China
98%
Are At Least 2% Of Worlds Land Area Canada
92%
Are European and Formerly Part Of the USSR Ukraine
92%
Border At Least 8 Countries Brazil
90%
Are At Least 2% Of Worlds Land Area Brazil
90%
Are At Least 2% Of Worlds Land Area India
90%
Border At Least 8 Countries France
88%
Have A Plain Three Striped Red White And Blue Flag France
88%
Are At Least 2% Of Worlds Land Area USA
88%
Are European and Formerly Part Of the USSR Lithuania
86%
Begin With R Rwanda
85%
Are European and Formerly Part Of the USSR Belarus
84%
Are European and Formerly Part Of the USSR Estonia
84%
Are European and Formerly Part Of the USSR Latvia
84%
Are European and Formerly Part Of the USSR Moldova
81%
Are At Least 2% Of Worlds Land Area Australia
80%
Border At Least 8 Countries Germany
79%
Border At Least 8 Countries Democratic Republic Of The Congo
77%
End In Sia Indonesia
70%
Begin With R Republic Of The Congo
69%
End In Sia Malaysia
67%
Have A Plain Three Striped Red White And Blue Flag Netherlands
63%
Begin With R Romania
63%
Border At Least 8 Countries Serbia
56%
Border At Least 8 Countries Austria
51%
Have A Plain Three Striped Red White And Blue Flag Luxembourg
51%
Border At Least 8 Countries Turkey
37%
End In Sia Tunisia
30%
End In Sia Micronesia
26%
Border At Least 8 Countries Tanzania
26%
Border At Least 8 Countries Zambia
20%
No matching quizzes found
Score Distribution
Percent of People with Each Score
Percentile by Number Answered
Your Score History
You have not taken this quiz